000 00471nam a2200181Ia 4500
001 24241
005 20260414151030.0
008 260414t2017||||xx |||||||||||||| ||spa||
041 _aESP
082 _a345.2
_bA67C
100 _aArbulú Martínez, Victor
_eAUT
245 0 _aComparecencia restringida :
_bcriterios para su adecuada aplicación
260 _c2017
300 _a141 páginas :
_c24 cm.
650 _aDER
654 _aCDE
942 _cLIB
_dJUS
_fJUS
_2ddc
_n
999 _c24241
_d24241